<?xml version="1.0" encoding="UTF-8"?>
<record
    xmlns:xsi="http://www.w3.org/2001/XMLSchema-instance"
    xsi:schemaLocation="http://www.loc.gov/MARC21/slim http://www.loc.gov/standards/marcxml/schema/MARC21slim.xsd"
    xmlns="http://www.loc.gov/MARC21/slim">

  <leader>00930nam a22002177a 4500</leader>
  <datafield tag="999" ind1=" " ind2=" ">
    <subfield code="c">22472</subfield>
    <subfield code="d">22472</subfield>
  </datafield>
  <controlfield tag="003">AR-CdUCM</controlfield>
  <controlfield tag="008">190319b           ||||| |||| 00| 0 spa d</controlfield>
  <datafield tag="020" ind1=" " ind2=" ">
    <subfield code="a">9786123077860</subfield>
  </datafield>
  <datafield tag="040" ind1=" " ind2=" ">
    <subfield code="a">MUNICIPALIDAD PROVINCIAL DEL CUSCO</subfield>
    <subfield code="c">BIBLIOTECA MUNICIPAL DEL CUSCO</subfield>
  </datafield>
  <datafield tag="082" ind1=" " ind2=" ">
    <subfield code="a">511.3/A8</subfield>
    <subfield code="b">A8</subfield>
    <subfield code="2">1a ed., 1a reimpr.</subfield>
  </datafield>
  <datafield tag="110" ind1=" " ind2=" ">
    <subfield code="a">Asociaci&#xF3;n Fondo de Investigadores y Editores (Lima)</subfield>
    <subfield code="9">42354</subfield>
  </datafield>
  <datafield tag="245" ind1=" " ind2=" ">
    <subfield code="a">Razonamiento matem&#xE1;tico :</subfield>
    <subfield code="b">ingenio y creatividad para nuevos retos /</subfield>
    <subfield code="c">Asociaci&#xF3;n Fondo de Investigadores y Editores</subfield>
  </datafield>
  <datafield tag="260" ind1=" " ind2=" ">
    <subfield code="a">Lima :</subfield>
    <subfield code="b">Asociaci&#xF3;n Fondo de Investigadores y Editores,</subfield>
    <subfield code="b">Lumbreras Editores,</subfield>
    <subfield code="c">2019.</subfield>
  </datafield>
  <datafield tag="300" ind1=" " ind2=" ">
    <subfield code="a">990, [1] p&#xE1;ginas. :</subfield>
    <subfield code="b">ilustraciones ;</subfield>
    <subfield code="c">22 cm.</subfield>
  </datafield>
  <datafield tag="500" ind1=" " ind2=" ">
    <subfield code="z">Bibliograf&#xED;a: p. 990.</subfield>
  </datafield>
  <datafield tag="650" ind1=" " ind2=" ">
    <subfield code="a">Razonamiento matem&#xE1;tico</subfield>
    <subfield code="9">28156</subfield>
  </datafield>
  <datafield tag="650" ind1=" " ind2=" ">
    <subfield code="a">Problemas, ejercicios, etc</subfield>
    <subfield code="9">25134</subfield>
  </datafield>
  <datafield tag="650" ind1=" " ind2=" ">
    <subfield code="a">Estudio y ense&#xF1;anza</subfield>
    <subfield code="9">2610</subfield>
  </datafield>
  <datafield tag="942" ind1=" " ind2=" ">
    <subfield code="2">ddc</subfield>
    <subfield code="c">LIBROS</subfield>
  </datafield>
  <datafield tag="945" ind1=" " ind2=" ">
    <subfield code="a">rac</subfield>
  </datafield>
  <datafield tag="952" ind1=" " ind2=" ">
    <subfield code="0">0</subfield>
    <subfield code="2">ddc</subfield>
    <subfield code="4">0</subfield>
    <subfield code="7">0</subfield>
    <subfield code="a">SC</subfield>
    <subfield code="b">SC</subfield>
    <subfield code="c">CART</subfield>
    <subfield code="d">2022-08-29</subfield>
    <subfield code="e">Donaci&#xF3;n</subfield>
    <subfield code="g">30.00</subfield>
    <subfield code="o">511.3/A8/2019</subfield>
    <subfield code="p">SC0000002351</subfield>
    <subfield code="r">2022-08-29</subfield>
    <subfield code="y">LIBROS</subfield>
  </datafield>
  <datafield tag="952" ind1=" " ind2=" ">
    <subfield code="0">0</subfield>
    <subfield code="2">ddc</subfield>
    <subfield code="4">0</subfield>
    <subfield code="7">0</subfield>
    <subfield code="a">SC</subfield>
    <subfield code="b">SC</subfield>
    <subfield code="c">CART</subfield>
    <subfield code="d">2022-08-29</subfield>
    <subfield code="e">Donaci&#xF3;n</subfield>
    <subfield code="g">30.00</subfield>
    <subfield code="o">511.3/A8/2019/e.2</subfield>
    <subfield code="p">SC0000002352</subfield>
    <subfield code="r">2022-08-29</subfield>
    <subfield code="y">LIBROS</subfield>
  </datafield>
</record>
